[Event "World Junior U20 Girls 2018"]
[Site "Gebze"]
[Date "2018.09.05"]
[Round "1"]
[White "Li, Xinyu"]
[Black "Yorgun, Yaren Naz"]
[Result "1/2-1/2"]
[WhiteElo "2086"]
[BlackElo "1751"]
[Annotator "NA"]
[PlyCount "148"]
[EventDate "2018.09.05"]
[EventType "swiss"]
[EventCountry "TUR"]
[SourceTitle "playchess.com"]
[Source "ChessBase"]
[SourceQuality "1"]
[TimeControl "40/5400+30:1800+30"]

1. d4 d5 2. c4 e6 3. Nc3 Nf6 4. cxd5 exd5 5. Bg5 Nbd7 6. e3 c6 7. Bd3 Be7 8. Nf3 O-O 9. O-O Re8 10. Qc2 Nf8 11. Rab1 Ng6 12. b4 Ne4 13. Bxe7 Qxe7 14. Bxe4 dxe4 15. Nd2 Bf5 16. Ne2 Nf8 17. Qc5 Qd7 18. Rfc1 Bg6 19. Nf4 Ne6 20. Nxe6 Qxe6 21. a4 Red8 {[%emt 1:06:30]} 22. b5 {[%emt 1:01:00]} cxb5 {[%emt 0:00:30]} 23. Qxb5 {[%emt 0:00:00]} b6 {[%emt 0:02:30]} 24. Nb3 {[%emt 0:14:00]} f5 {[%emt 0:09:30]} 25. a5 {[%emt 0:08:42]} Be8 {[%emt 0:06:35]} 26. Qb4 {[%emt 0:00:37]} bxa5 {[%emt 0:02:02]} 27. Qxa5 {[%emt 0:01:30]} Qg6 {[%emt 0:02:23]} 28. Nd2 {[%emt 0:06:11]} f4 {[%emt 0:06:36]} 29. Qe5 {[%emt 0:02:40]} fxe3 {[%emt 0:02:01]} 30. fxe3 {[%emt 0:00:23]} Bf7 {[%emt 0:00:50]} 31. Rc5 {[%emt 0:03:16]} Re8 {[%emt 0:00:37]} 32. Qc7 {[%emt 0:00:30]} Be6 {[%emt 0:02:36]} 33. Qa5 {[%emt 0:02:26]} Rf8 {[%emt 0:03:15]} 34. Qb5 {[%emt 0:03:36]} Qf7 {[%emt 0:00:32]} 35. Rf1 {[%emt 0:01:16]} Qe7 {[%emt 0:00:09]} 36. Re5 {[%emt 0:00:00]} Rxf1+ {[%emt 0:00:25]} 37. Nxf1 {[%emt 0:00:06]} Qf7 {[%emt 0:00:32]} 38. Qc6 {[%emt 0:00:46]} Re8 {[%emt 0:01:23]} 39. Qxe4 {[%emt 0:00:13]} Rf8 {[%emt 0:00:00]} 40. Qf3 {[%emt 0:00:00]} Qc7 {[%emt 0:00:00]} 41. Qd1 {[%emt 0:05:18]} Qf7 {[%emt 0:09:34]} 42. Qe1 {[%emt 0:00:30]} Bc4 {[%emt 0:01:30]} 43. Nd2 {[%emt 0:03:30]} Bd3 {[%emt 0:01:30]} 44. h3 {[%emt 0:02:30]} Qa2 {[%emt 0:01:56]} 45. Nf3 {[%emt 0:07:37]} a6 {[%emt 0:02:26]} 46. e4 {[%emt 0:03:44]} Be2 {[%emt 0:02:38]} 47. Nd2 {[%emt 0:04:58]} Bb5 {[%emt 0:01:17]} 48. Rc5 {[%emt 0:01:43]} Qb2 {[%emt 0:01:35]} 49. Qe3 {[%emt 0:00:42]} Rd8 {[%emt 0:01:11]} 50. d5 {[%emt 0:00:42]} Qa1+ {[%emt 0:00:09]} 51. Kh2 {[%emt 0:01:08]} Qe5+ {[%emt 0:00:05]} 52. Qg3 {[%emt 0:00:14]} Qd4 {[%emt 0:02:38]} 53. Qc3 {[%emt 0:01:12]} Qf2 {[%emt 0:01:31]} 54. Rc7 {[%emt 0:01:04]} Qf8 {[%emt 0:01:32]} 55. Nf3 {[%emt 0:01:08]} a5 {[%emt 0:01:04]} 56. Rc5 {[%emt 0:01:34]} Rb8 {[%emt 0:01:39]} 57. e5 {[%emt 0:00:49]} a4 {[%emt 0:01:37]} 58. d6 {[%emt 0:00:30]} Bd7 {[%emt 0:00:30]} 59. Qc4+ {[%emt 0:00:30]} Kh8 {[%emt 0:00:30]} 60. Rc7 {[%emt 0:01:00]} Bb5 {[%emt 0:02:36]} 61. Qe4 {[%emt 0:00:18]} a3 {[%emt 0:00:30]} 62. Ra7 {[%emt 0:01:03]} Bc6 {[%emt 0:00:26]} 63. Qe3 {[%emt 0:01:12]} Ra8 {[%emt 0:00:48]} 64. Qxa3 {[%emt 0:00:48]} Rxa7 {[%emt 0:03:12]} 65. Qxa7 {[%emt 0:00:08]} Bxf3 {[%emt 0:00:00]} 66. Qd4 {[%emt 0:01:17]} Bc6 {[%emt 0:00:35]} 67. e6 {[%emt 0:00:16]} Qf1 {[%emt 0:00:25]} 68. Qd2 {[%emt 0:00:48]} Bxg2 {[%emt 0:01:04]} 69. d7 {[%emt 0:01:00]} Qh1+ {[%emt 0:00:30]} 70. Kg3 {[%emt 0:00:30]} Qxh3+ {[%emt 0:00:00]} 71. Kf2 {[%emt 0:00:00]} Qf3+ {[%emt 0:00:02]} 72. Kg1 {[%emt 0:00:00]} Qf1+ {[%emt 0:00:30]} 73. Kh2 {[%emt 0:00:13]} Qh1+ {[%emt 0:00:30]} 74. Kg3 {[%emt 0:00:00]} Qh3+ {[%emt 0:00:00]} 1/2-1/2

[Event "World Junior U20 Girls 2018"]
[Site "Gebze"]
[Date "2018.09.05"]
[Round "1"]
[White "Sankova, Stella"]
[Black "Gur, Tuba"]
[Result "1-0"]
[WhiteElo "2081"]
[BlackElo "1724"]
[Annotator "NA"]
[PlyCount "62"]
[EventDate "2018.09.05"]
[EventType "swiss"]
[EventCountry "TUR"]
[SourceTitle "playchess.com"]
[Source "ChessBase"]
[SourceQuality "1"]
[TimeControl "40/5400+30:1800+30"]

1. e4 c5 2. Nc3 e6 3. f4 b6 4. Nf3 Bb7 5. g3 Nf6 6. d3 d6 7. Bg2 Nbd7 8. O-O Qc7 9. a4 a6 10. Bd2 Be7 11. Qe1 O-O 12. h3 Rfe8 13. g4 Nf8 14. Qg3 d5 15. e5 N6d7 16. Rae1 f6 {[%emt 1:18:00]} 17. h4 {[%emt 0:48:30]} fxe5 {[%emt 0:00:30]} 18. fxe5 {[%emt 0:00:30]} d4 {[%emt 0:01:14]} 19. Ne4 {[%emt 0:03:30]} Bd5 {[%emt 0:05:22]} 20. h5 {[%emt 0:07:30]} b5 {[%emt 0:04:36]} 21. axb5 {[%emt 0:03:30]} axb5 {[%emt 0:00:30]} 22. Nfg5 {[%emt 0:04:30]} h6 {[%emt 0:03:16]} 23. Nf7 {[%emt 0:02:30]} Nh7 {[%emt 0:01:55]} 24. g5 {[%emt 0:09:30]} hxg5 {[%emt 0:02:27]} 25. Bxg5 {[%emt 0:02:30]} Nxg5 {[%emt 0:01:19]} 26. Nexg5 {[%emt 0:00:30]} Nf6 {[%emt 0:01:40]} 27. Bxd5 {[%emt 0:03:08]} exd5 {[%emt 0:00:52]} 28. Ne6 {[%emt 0:03:17]} Nxh5 {[%emt 0:00:59]} 29. Qg6 {[%emt 0:01:06]} Qd7 {[%emt 0:00:38]} 30. Qxh5 {[%emt 0:00:17]} Bf6 {[%emt 0:00:37]} 31. Rxf6 {[%emt 0:03:41]} Rxe6 {[%emt 0:00:30]} 1-0

[Event "World Junior U20 Girls 2018"]
[Site "Gebze"]
[Date "2018.09.05"]
[Round "1"]
[White "Bai, Xue"]
[Black "Rousseau, Christilla"]
[Result "1-0"]
[WhiteElo "2073"]
[BlackElo "1677"]
[Annotator "NA"]
[PlyCount "51"]
[EventDate "2018.09.05"]
[EventType "swiss"]
[EventCountry "TUR"]
[SourceTitle "playchess.com"]
[Source "ChessBase"]
[SourceQuality "1"]
[TimeControl "40/5400+30:1800+30"]

1. e4 e6 2. d4 d5 3. Nc3 Nf6 4. Bg5 Be7 5. e5 Nfd7 6. Bxe7 Qxe7 7. f4 a6 8. Qg4 f5 9. exf6 Nxf6 10. Qg5 Nc6 11. Nf3 Bd7 12. Bd3 O-O-O 13. O-O-O h6 14. Qg6 Be8 15. Qg3 Bh5 16. Bg6 Bxg6 17. Qxg6 Kb8 18. Rhe1 Rdf8 {[%emt 1:33:48]} 19. f5 Ne4 20. Nxe4 dxe4 21. Rxe4 Rf6 22. Qg3 Rxf5 23. Rde1 Qd7 24. Rxe6 Nxd4 25. Re7 Qa4 26. Qxc7+ 1-0

[Event "World Junior U20 Girls 2018"]
[Site "Gebze"]
[Date "2018.09.05"]
[Round "1"]
[White "Li, Yunshan"]
[Black "Anandpara Jayendra Saloni"]
[Result "1-0"]
[WhiteElo "2060"]
[BlackElo "1326"]
[Annotator "NA"]
[PlyCount "86"]
[EventDate "2018.09.05"]
[EventType "swiss"]
[EventCountry "TUR"]
[SourceTitle "playchess.com"]
[Source "ChessBase"]
[SourceQuality "1"]
[TimeControl "40/5400+30:1800+30"]

1. d4 d5 2. c4 e6 3. Nf3 Nf6 4. g3 c5 5. cxd5 exd5 6. Nc3 h6 7. Bg2 Nc6 8. O-O Be6 9. b3 Be7 10. Bb2 cxd4 11. Nxd4 Qd7 12. Rc1 Rc8 13. Nxc6 bxc6 14. Na4 Qd8 15. Bd4 {[%emt 0:18:30]} Qa5 16. Bc5 Bxc5 17. Rxc5 Qb4 18. Qd3 O-O 19. Rfc1 Qb7 20. Qc2 Bd7 21. Rc3 Qa8 22. Nc5 Rfe8 23. Nxd7 Nxd7 24. Bxd5 Nb8 25. Bf3 Qb7 26. e3 Red8 27. Bxc6 Nxc6 28. Rxc6 Rxc6 29. Qxc6 Qxc6 30. Rxc6 Rd2 31. Rc8+ Kh7 32. Rc7 Rxa2 33. Rxf7 a5 34. Ra7 Kg6 35. b4 a4 36. b5 a3 37. b6 Rb2 38. Rxa3 Rxb6 39. Kg2 Rf6 40. g4 Re6 41. f4 Re7 42. Kf3 h5 43. Ra6+ Kh7 1-0

[Event "World Junior U20 Girls 2018"]
[Site "Gebze"]
[Date "2018.09.05"]
[Round "1"]
[White "Malatsilava, Volha"]
[Black "Tsolakidou, Stavroula"]
[Result "0-1"]
[WhiteElo "2040"]
[BlackElo "2393"]
[Annotator "NA"]
[PlyCount "86"]
[EventDate "2018.09.05"]
[EventType "swiss"]
[EventCountry "TUR"]
[SourceTitle "playchess.com"]
[Source "ChessBase"]
[SourceQuality "1"]
[TimeControl "40/5400+30:1800+30"]

1. e4 c5 2. Nf3 d6 3. d4 cxd4 4. Nxd4 Nf6 5. Nc3 a6 6. Bg5 Nbd7 7. Qe2 {[%emt 0:01:30]} g6 {[%emt 0:02:30]} 8. f4 {[%emt 0:04:30]} Bg7 {[%emt 0:02:30]} 9. O-O-O {[%emt 0:01:30]} O-O {[%emt 0:01:30]} 10. e5 {[%emt 0:13:30]} dxe5 {[%emt 0:02:30]} 11. fxe5 {[%emt 0:03:30]} Qa5 {[%emt 0:00:00]} 12. Nf3 {[%emt 0:01:30]} Ng4 {[%emt 0:00:00]} 13. Rd5 {[%emt 0:13:30]} b5 {[%emt 0:20:30]} 14. h3 {[%emt 0:05:30]} Nh6 {[%emt 0:02:30]} 15. g4 {[%emt 0:20:30]} f6 {[%emt 0:08:30]} 16. exf6 {[%emt 0:06:30]} exf6 {[%emt 0:05:30]} 17. Bxh6 {[%emt 0:04:30]} Bxh6+ {[%emt 0:02:30]} 18. Kb1 {[%emt 0:04:42]} Nb6 {[%emt 0:07:30]} 19. Rd1 {[%emt 0:01:07]} Bb7 {[%emt 0:10:30]} 20. Qe6+ {[%emt 0:02:08]} Kh8 {[%emt 0:01:30]} 21. Bg2 {[%emt 0:00:05]} Rae8 {[%emt 0:01:30]} 22. Qb3 {[%emt 0:04:17]} b4 {[%emt 0:06:30]} 23. Rd6 {[%emt 0:02:02]} Nc8 {[%emt 0:02:30]} 24. Rd4 {[%emt 0:00:45]} Bxf3 {[%emt 0:01:30]} 25. Bxf3 {[%emt 0:00:36]} bxc3 {[%emt 0:00:00]} 26. h4 {[%emt 0:01:05]} Na7 {[%emt 0:03:26]} 27. Rd5 {[%emt 0:01:49]} Qc7 {[%emt 0:02:39]} 28. h5 {[%emt 0:02:19]} Rb8 {[%emt 0:07:25]} 29. Qa4 {[%emt 0:00:05]} Qg3 {[%emt 0:05:07]} 30. Be4 {[%emt 0:01:09]} Rxb2+ {[%emt 0:02:24]} 31. Ka1 {[%emt 0:00:05]} Rfb8 {[%emt 0:00:08]} 32. Rdd1 {[%emt 0:00:31]} Qc7 {[%emt 0:02:31]} 33. hxg6 {[%emt 0:00:27]} Qg7 {[%emt 0:00:33]} 34. Rd7 {[%emt 0:00:27]} Nb5 {[%emt 0:02:09]} 35. Rxg7 {[%emt 0:00:44]} Kxg7 {[%emt 0:00:03]} 36. gxh7 {[%emt 0:00:17]} Kh8 {[%emt 0:01:09]} 37. Qxa6 {[%emt 0:00:15]} Bg5 {[%emt 0:00:00]} 38. Qa5 {[%emt 0:01:05]} Bf4 {[%emt 0:00:43]} 39. Rd1 {[%emt 0:01:04]} Nd4 {[%emt 0:00:36]} 40. Qa4 {[%emt 0:00:00]} Be5 {[%emt 0:00:00]} 41. Qd7 {[%emt 0:10:56]} Rxc2 {[%emt 0:07:37]} 42. g5 {[%emt 0:20:33]} Rc1+ {[%emt 0:00:30]} 43. Rxc1 {[%emt 0:00:38]} c2 {[%emt 0:00:30]} 0-1

[Event "World Junior U20 Girls 2018"]
[Site "Gebze"]
[Date "2018.09.05"]
[Round "1"]
[White "Caballero Quijano, Mitzy Mishell"]
[Black "Assaubayeva, Bibisara"]
[Result "0-1"]
[WhiteElo "2034"]
[BlackElo "2371"]
[Annotator "NA"]
[PlyCount "108"]
[EventDate "2018.09.05"]
[EventType "swiss"]
[EventCountry "TUR"]
[SourceTitle "playchess.com"]
[Source "ChessBase"]
[SourceQuality "1"]
[TimeControl "40/5400+30:1800+30"]

1. d4 Nf6 2. Nf3 g6 3. c4 Bg7 4. g3 O-O 5. Bg2 d6 6. O-O Nc6 7. Nc3 a6 8. h3 Rb8 {[%emt 0:03:00]} 9. e4 {[%emt 0:01:30]} b5 {[%emt 0:00:30]} 10. cxb5 {[%emt 0:00:30]} axb5 {[%emt 0:00:30]} 11. Re1 {[%emt 0:00:30]} Nd7 {[%emt 0:05:30]} 12. Bg5 {[%emt 0:02:30]} h6 {[%emt 0:03:30]} 13. Be3 {[%emt 0:02:30]} b4 {[%emt 0:02:30]} 14. Nd5 {[%emt 0:05:30]} e6 {[%emt 0:04:30]} 15. Nf4 {[%emt 0:00:30]} e5 {[%emt 0:03:30]} 16. Nd5 {[%emt 0:10:30]} exd4 {[%emt 0:04:30]} 17. Nxd4 {[%emt 0:02:30]} Nxd4 {[%emt 0:03:30]} 18. Bxd4 {[%emt 0:00:00]} Ne5 {[%emt 0:01:30]} 19. Rc1 {[%emt 0:23:00]} c5 {[%emt 0:04:30]} 20. Bxe5 {[%emt 0:02:30]} Bxe5 {[%emt 0:00:30]} 21. b3 {[%emt 0:00:30]} Ra8 {[%emt 0:04:30]} 22. Re2 {[%emt 0:01:30]} h5 {[%emt 0:05:30]} 23. Rd2 {[%emt 0:04:30]} Be6 {[%emt 0:13:30]} 24. Nf4 {[%emt 0:12:30]} Bd7 {[%emt 0:04:30]} 25. Ne2 {[%emt 0:21:34]} Bb5 {[%emt 0:03:30]} 26. f4 {[%emt 0:01:04]} Bxe2 {[%emt 0:01:30]} 27. Qxe2 {[%emt 0:01:50]} Bd4+ {[%emt 0:00:30]} 28. Kh1 {[%emt 0:00:00]} h4 {[%emt 0:00:00]} 29. Rcd1 {[%emt 0:02:26]} hxg3 {[%emt 0:04:00]} 30. Qg4 {[%emt 0:00:04]} Ra6 {[%emt 0:06:30]} 31. Bf1 {[%emt 0:03:23]} Ra7 {[%emt 0:07:34]} 32. Bc4 {[%emt 0:00:07]} Kg7 {[%emt 0:00:30]} 33. Qxg3 {[%emt 0:00:21]} Rh8 {[%emt 0:01:03]} 34. Kg2 {[%emt 0:01:10]} Qf6 {[%emt 0:01:15]} 35. Bd5 {[%emt 0:01:43]} Re7 {[%emt 0:03:22]} 36. Rf1 {[%emt 0:00:35]} Rh5 {[%emt 0:01:43]} 37. Rf3 {[%emt 0:01:46]} Bc3 {[%emt 0:00:53]} 38. Rc2 {[%emt 0:00:09]} Be1 {[%emt 0:01:42]} 39. Qh2 {[%emt 0:01:33]} Qd4 {[%emt 0:02:13]} 40. Qg1 {[%emt 0:00:00]} Qd1 {[%emt 0:00:00]} 41. Rcf2 {[%emt 0:08:45]} Rxd5 {[%emt 0:07:15]} 42. exd5 {[%emt 0:00:30]} Qxd5 {[%emt 0:00:30]} 43. Rf1 {[%emt 0:03:30]} Bc3 {[%emt 0:00:00]} 44. Kh1 {[%emt 0:02:44]} Re2 {[%emt 0:03:00]} 45. Qg5 {[%emt 0:03:57]} Qd2 {[%emt 0:01:30]} 46. Qg3 {[%emt 0:00:20]} Qxa2 {[%emt 0:02:30]} 47. Rxc3 {[%emt 0:02:10]} bxc3 {[%emt 0:00:30]} 48. Qxc3+ {[%emt 0:00:05]} Kg8 {[%emt 0:01:30]} 49. Qg3 {[%emt 0:00:25]} Rb2 {[%emt 0:02:30]} 50. f5 {[%emt 0:00:56]} Qxb3 {[%emt 0:02:30]} 51. Qxb3 {[%emt 0:00:41]} Rxb3 {[%emt 0:00:30]} 52. fxg6 {[%emt 0:00:30]} fxg6 {[%emt 0:00:00]} 53. Rf6 {[%emt 0:00:00]} Rxh3+ {[%emt 0:00:00]} 54. Kg2 {[%emt 0:00:12]} Rd3 {[%emt 0:00:00]} 0-1

[Event "World Junior U20 Girls 2018"]
[Site "Gebze"]
[Date "2018.09.05"]
[Round "1"]
[White "Celik, Eylul"]
[Black "Zhu, Jiner"]
[Result "0-1"]
[WhiteElo "2014"]
[BlackElo "2364"]
[Annotator "TA"]
[PlyCount "54"]
[EventDate "2018.09.05"]
[EventType "swiss"]
[EventCountry "TUR"]
[SourceTitle "playchess.com"]
[Source "ChessBase"]
[SourceQuality "1"]

{[%evp 24,54,49,32,37,37,32,20,31,38,50,51,50,53,60,0,0,-52,-31,-43,-28,-131,-96,-575,-579,-592,-591,-620,-620,-1050,-878,-1552,-853]} 1. d4 Nf6 2. c4 g6 3. Nc3 Bg7 4. e4 d6 5. f3 O-O 6. Be3 Nc6 7. Nge2 a6 8. Qd2 Rb8 9. Nc1 e5 10. d5 Nd4 11. Nb3 Nxb3 12. axb3 c5 13. Bd3 {LiveBook: 4 Games} Nh5 {E84: King's Indian: Sämisch Panno: 7 Nge2 a6 8 Qd2 Rb8} (13... Ne8 14. O-O f5 15. f4 Bd7 16. Kh1 Rf7 17. exf5 Bxf5 18. Bxf5 gxf5 19. fxe5 Bxe5 20. Bf4 Bxf4 21. Rxf4 {½-½ (39) Dao,T (2492)-Nolte,R (2433) Kuala Lumpur 2011}) 14. O-O f5 15. Bg5 $146 ({Predecessor:} 15. exf5 gxf5 16. Rae1 Bd7 17. Qe2 Kh8 18. Kh1 f4 19. Bf2 Qf6 20. Ne4 Qh6 21. Qc2 {0-1 (41) Espinosa Aranda,A (2161)-Ivanov,J (2381) La Roda 2007}) 15... Qe8 {The position is equal.} 16. b4 {[%cal Bb3b4,Bb4b5][%mdl 32]} b6 17. b5 a5 18. exf5 gxf5 19. Bh6 (19. Rae1 $14) 19... Rb7 $11 20. Na4 (20. Be3 $11) 20... Bxh6 21. Qxh6 Nf4 22. Rad1 {[#]} (22. Bc2 $1 $11) 22... Rg7 $1 $17 {Strongly threatening ...Qd8.} 23. Rd2 $2 {[%mdl 8192]} ({Not} 23. Nxb6 $2 Rg6 $19) (23. g3 $17 {is tougher.}) 23... Qd8 $19 {Black is clearly winning.} 24. Nxb6 Rg6 25. Qxg6+ hxg6 26. Na4 Qg5 27. Nc3 Nh3+ {Precision: White = 24%, Black = 74%.} 0-1

[Event "World Junior U20 Girls 2018"]
[Site "Gebze"]
[Date "2018.09.05"]
[Round "1"]
[White "Kamalidenova, Meruert"]
[Black "Dordzhieva, Dinara"]
[Result "0-1"]
[WhiteElo "2011"]
[BlackElo "2318"]
[Annotator "TA"]
[PlyCount "164"]
[EventDate "2018.09.05"]
[EventType "swiss"]
[EventCountry "TUR"]
[SourceTitle "playchess.com"]
[Source "ChessBase"]
[SourceQuality "1"]

{[%evp 23,164,0,-2,-26,-10,-12,-13,-8,-14,-15,-19,-16,-19,-11,-10,-43,-45,-41,-25,-29,-5,-29,-28,-27,-27,-31,-29,-25,-20,-31,-16,-33,-17,-17,-17,-22,0,-31,-13,-28,-10,-27,-18,-16,-29,-18,-8,-8,-8,-8,-1,-1,-1,-8,0,-77,-82,-85,0,0,0,0,-8,-30,-1,-72,-70,-71,-71,-70,-8,-31,-16,-17,-8,-8,-8,-8,-8,-8,-8,-8,-8,-8,-8,-8,-8,-8,0,0,0,-8,-8,-29965,-29966,-29966,-29966,-29965,-29967,-29967,-29966,-29968,-29963,-29962,-29964,-29963,-29964,-29964,-29965,-29964,-29966,-29966,-29965,-29967,-29968,-29968,-29969,-29972,-29973,-29973,-29975,-29974,-29976,-29976,-29977,-29977,-29976,-29976,-29976,-29976,-29977,-29976,-29977,-29985,-29986,-29985,-29985,-29985,-29986,-29986,-29987,-29987,-29988]} 1. e4 c5 2. Nf3 d6 3. d4 cxd4 4. Nxd4 Nf6 5. Nc3 a6 6. h3 e6 7. g4 h6 8. Bg2 Be7 {B81: Sicilian Scheveningen: Keres Attack} (8... g5 9. Be3 Nbd7 10. Qe2 Ne5 11. O-O-O Nfd7 12. h4 Rg8 13. hxg5 hxg5 14. Kb1 b5 15. f4 gxf4 16. Bxf4 Bb7 {½-½ (56) Karjakin,S (2773)-Mamedyarov,S (2801) Saint Louis 2018}) 9. Be3 Nc6 10. Qe2 Nxd4 11. Bxd4 e5 12. Be3 b5 {LiveBook: 17 Games} 13. O-O {[#]} Be6 $146 ({Predecessor:} 13... O-O 14. Rfd1 Qc7 15. g5 hxg5 16. Bxg5 {0-1 (34) Malakhov,I (2454)-Geller,J (2519) Pardubice 2017}) 14. Nd5 Nxd5 15. exd5 Bd7 16. f4 exf4 17. Bxf4 O-O 18. c3 Bg5 19. Qf3 f5 20. gxf5 Bxf5 21. Qe3 Bh4 22. Bg3 Bxg3 23. Qxg3 Rf6 24. Rae1 Qd7 {Threatens to win with ...Rg6.} 25. Kh2 Raf8 26. Qe3 Qf7 27. a3 Qh5 28. Qf3 Qxf3 29. Rxf3 Bd7 30. Rg3 Rf2 31. Kg1 R2f4 32. Rg6 R8f6 33. Rxf6 Rxf6 $11 {[%mdl 4096] Endgame KRB-KRB} 34. Re4 Kf7 35. c4 g5 36. b4 bxc4 37. Rxc4 Bb5 38. Rc7+ Kg6 39. Kh2 {[#]} (39. Re7 $11 {remains equal.}) 39... Rf2 $1 $17 40. Kg3 Rd2 (40... Ra2 $17 41. Rc3 h5 42. Be4+ Kf6) 41. Re7 Rd3+ 42. Kf2 Rxa3 43. Re6+ Kf5 {Hoping for ...h5.} 44. Rxd6 (44. Rxh6 $11 Rb3 45. Rxd6) 44... h5 45. Rh6 {[#]} Ra2+ $1 46. Kg1 Be2 (46... Ra4 $15 47. Rxh5 Rxb4) 47. Kf2 Bc4+ 48. Kg1 Rd2 49. Rxh5 Kf4 50. Rh8 Kg3 {( -> ...Rd1+)} 51. Bf1 Rd1 {[%csl Gc4][%cal Rd1f1]} 52. Rf8 Bxf1 (52... Bb5 {keeps more tension.} 53. Rf5 Re1 54. d6 Rb1 55. Rxg5+ Kf4) 53. Rxf1 Rxd5 $11 {Threatening ...Rd3. KR-KR} 54. Ra1 Rd3 55. Kf1 Kxh3 {...Rf3+ is the strong threat.} 56. Rxa6 Rb3 57. Rg6 g4 58. Kg1 $2 {[%mdl 8192]} (58. Rg7 $11) 58... Kg3 {[%cal Rb3b1] Black mates.} 59. Kf1 Rb1+ 60. Ke2 Rxb4 61. Kf1 Rb1+ 62. Ke2 Kh3 63. Kf2 Rb2+ 64. Kg1 Rg2+ 65. Kf1 Rc2 66. Kg1 Kg3 {[%cal Rc2c1]} 67. Kf1 Rc1+ 68. Ke2 Rg1 69. Rg8 Kh2 70. Kf2 g3+ {[%cal Bg4g3,Bg3g2][%mdl 32]} 71. Kf3 Rf1+ 72. Kg4 g2 73. Rh8+ Kg1 74. Kg3 Rc1 75. Ra8 Rc3+ 76. Kg4 Rd3 77. Rf8 Rd7 78. Rf3 Rg7+ 79. Kh4 Rg8 80. Ra3 Kf2 81. Ra2+ Ke3 82. Ra3+ Kd4 {Precision: White = 49%, Black = 58%.} 0-1

[Event "World Junior U20 Girls 2018"]
[Site "Gebze"]
[Date "2018.09.05"]
[Round "1"]
[White "Hu, Yu A"]
[Black "Khomeriki, Nino"]
[Result "0-1"]
[WhiteElo "2009"]
[BlackElo "2313"]
[Annotator "TA"]
[PlyCount "124"]
[EventDate "2018.09.05"]
[EventType "swiss"]
[EventCountry "TUR"]
[SourceTitle "playchess.com"]
[Source "ChessBase"]
[SourceQuality "1"]

{[%evp 26,124,8,0,27,27,30,30,29,41,30,27,28,4,6,8,0,-20,0,0,14,0,3,0,0,0,20,15,8,0,16,10,20,0,0,0,8,6,6,5,9,0,0,0,0,0,0,0,0,-3,0,0,0,0,0,0,0,0,0,-2,-7,-7,0,-1,0,-5,0,-5,0,-6,-7,-8,-6,-16,0,0,0,0,0,0,0,0,0,0,-8,-44,-44,-122,-105,-241,-241,-241,-241,-241,-241,-241,-241,-241,-139,-679,-657]} 1. e4 e5 2. Nf3 Nc6 3. Bb5 a6 4. Ba4 Nf6 5. d3 b5 6. Bb3 Be7 7. O-O d6 8. c3 O-O 9. Re1 Na5 10. Bc2 c5 11. Nbd2 Nc6 12. Nf1 h6 13. h3 {C90: Spanische Partie (Abweichungen von der Hauptvariante)} (13. Ne3 Be6 14. d4 cxd4 15. cxd4 Nxd4 16. Nxd4 exd4 17. Qxd4 Rc8 18. Bb3 Nd7 19. Nd5 Bxd5 20. Qxd5 Nc5 {½-½ (54) Carlsen,M (2850)-Svidler,P (2727) Berlin 2015}) 13... Be6 14. Ng3 {LiveBook: 34 Partien} Qd7 (14... Re8 15. Be3 d5 16. d4 exd4 17. cxd4 dxe4 18. Nxe4 c4 19. Ng3 Qd5 20. Nh4 Bb4 21. Rf1 Ne7 22. Qc1 g5 {0-1 (37) Hu,Y (2049)-Khomeriki,N (2357) Khanty-Mansiysk 2016}) 15. d4 {Weiß hat minimalen Vorteil.} cxd4 16. cxd4 exd4 17. Nxd4 Nxd4 18. Qxd4 Rfc8 19. Bb3 $146 ({Vorgänger:} 19. Qd3 Qc7 20. Bb3 Bf8 {1-0 (55) Schneider,H (2218)-Dobner,A (2192) ICCF 2016}) 19... Bxb3 20. axb3 Qe6 21. Qd3 Nd7 22. Nf5 Bf8 23. Qg3 Qg6 24. Bf4 Qxg3 25. Bxg3 Nc5 26. Bxd6 Nxb3 27. Ra3 Nd2 28. Bxf8 Kxf8 29. Nd6 Rc2 30. Nxb5 Rxb2 31. Nc7 Rc8 32. Nd5 Rc6 33. Rea1 (33. Ra4 {keeps more tension.} g6 34. h4 Kg7 35. e5 Nc4 36. e6) 33... Nxe4 34. Rxa6 Rxa6 35. Rxa6 $11 {[%mdl 4096] [#] Endspiel Beabsichtigt Ta8+ und Matt. KTS-KTS} g6 36. f3 Ng3 37. Nc3 h5 38. Ra2 Rb3 39. Kf2 Nh1+ 40. Kg1 Ng3 41. Kf2 h4 42. Rc2 Kg7 43. Ne2 Nf5 44. Rd2 Rb1 45. Nc3 Rb3 46. Ne4 Ra3 47. Rd7 Ra2+ 48. Rd2 Ra7 49. Rd1 f6 50. f4 Rb7 51. Rd2 Ra7 52. Rd1 Ra6 53. Rd7+ Kh6 54. Rd8 Ra4 55. Kf3 Nd4+ 56. Ke3 ({Lieber} 56. Rxd4 $1 $15 Rxd4 57. Ke3) 56... Nc2+ $17 57. Kd2 (57. Kd3 $17) 57... Rxe4 $19 58. Kxc2 Rxf4 59. Rd2 Re4 60. Kd3 f5 61. Ra2 Kg5 {Weiss muss nun ...Kf4 beachten.} 62. Ra6 $2 {[%mdl 8192] [#]} (62. Rf2 $17) 62... Re1 $1 {Precision: Weiß = 41%, Schwarz = 61%.} 0-1

[Event "World Junior U20 Girls 2018"]
[Site "Gebze"]
[Date "2018.09.05"]
[Round "1"]
[White "Nemcova, Karin"]
[Black "Antova, Gabriela"]
[Result "0-1"]
[WhiteElo "1990"]
[BlackElo "2292"]
[Annotator "NA"]
[PlyCount "58"]
[EventDate "2018.09.05"]
[EventType "swiss"]
[EventCountry "TUR"]
[SourceTitle "playchess.com"]
[Source "ChessBase"]
[SourceQuality "1"]
[TimeControl "40/5400+30:1800+30"]

1. e4 c5 2. Nf3 d6 3. d4 cxd4 4. Nxd4 Nf6 5. Nc3 a6 6. Be3 e6 7. Be2 Be7 8. O-O O-O 9. f4 Qc7 10. Kh1 b5 11. a3 Bb7 12. Bd3 Nbd7 13. Qf3 Nc5 14. Rae1 Rfe8 15. Bd2 Nfd7 16. Qg3 Rad8 17. e5 Nxd3 18. cxd3 Bf8 19. Nb3 {[%emt 1:03:30]} Nc5 {[%emt 1:04:30]} 20. Nc1 {[%emt 0:04:30]} dxe5 {[%emt 0:03:30]} 21. fxe5 {[%emt 0:03:30]} Rd7 {[%emt 0:05:30]} 22. b4 {[%emt 0:08:30]} Na4 {[%emt 0:00:30]} 23. Ne4 {[%emt 0:00:30]} Bxe4 {[%emt 0:00:30]} 24. Rxe4 {[%emt 0:01:30]} Nc3 {[%emt 0:08:56]} 25. Rh4 {[%emt 0:09:09]} Nb1 {[%emt 0:07:04]} 26. Bg5 {[%emt 0:01:39]} f5 {[%emt 0:04:10]} 27. d4 {[%emt 0:04:00]} Nc3 {[%emt 0:03:42]} 28. Qf3 {[%emt 0:00:18]} Ne4 {[%emt 0:00:21]} 29. Qh5 {[%emt 0:00:33]} g6 {[%emt 0:00:10]} 0-1

[Event "World Junior U20 Girls 2018"]
[Site "Gebze"]
[Date "2018.09.05"]
[Round "1"]
[White "Ayan, Bengu Sena"]
[Black "Sieber, Fiona"]
[Result "1/2-1/2"]
[WhiteElo "1976"]
[BlackElo "2277"]
[Annotator "NA"]
[PlyCount "81"]
[EventDate "2018.09.05"]
[EventType "swiss"]
[EventCountry "TUR"]
[SourceTitle "playchess.com"]
[Source "ChessBase"]
[SourceQuality "1"]
[TimeControl "40/5400+30:1800+30"]

1. d4 Nf6 2. c4 e6 3. Nc3 Bb4 4. e3 O-O 5. Nge2 d5 6. a3 Bd6 7. cxd5 exd5 8. Ng3 Re8 9. Bd3 c6 10. Qc2 Nbd7 11. Nce2 Nf8 12. O-O h5 13. Re1 Bc7 14. Bd2 h4 15. Nf1 h3 16. g3 Ne6 17. Bc3 Ng5 18. Nd2 Bg4 19. Nf4 Bxf4 20. exf4 Nf3+ 21. Nxf3 Bxf3 22. Bf1 Qd7 23. Qd3 Be4 24. Qd1 Qf5 25. f3 Bc2 26. Qd2 Bb3 27. Bd3 Qd7 28. Re5 Rxe5 29. fxe5 Nh7 30. Qf4 g6 31. Qh4 Bc4 32. Bc2 Nf8 33. Bd2 c5 34. Bg5 Qe6 35. Be3 cxd4 36. Bxd4 Be2 37. Kf2 Rc8 38. Bb3 Bd3 39. Re1 Bc2 40. Ba2 Bd3 41. Bb3 1/2-1/2